| 000 | 00449nam a2200169 a 4500 | ||
|---|---|---|---|
| 005 | 20140310183320.0 | ||
| 008 | 060303s19uu xx 00 eng d | ||
| 020 | _a034024335 | ||
| 050 |
_aPZ 7 _b.D278 1978 |
||
| 100 | _aCorder, E. M. | ||
| 245 |
_aThe deer hunter / _cE.M. Corder. |
||
| 260 |
_aGreat Britain : _bHodder and Stoughton, _c1978. |
||
| 300 |
_a187 p. : _c17 cm. |
||
| 500 | _a"Coronet Books". | ||
| 942 |
_cBK _2lcc |
||
| 999 |
_c21379 _d21379 |
||